Les clubs actuels qui n'ont jamais gagné le championnat top 5 européen - Statistiques

Statistiques générales
  • Ce quiz a été pris 52 fois
  • Le résultat moyen est 20 sur 41
Statistiques - réponses
Championnat Club % Correct
Ligue 1 Stade Brestois 29
83%
Ligue 1 Stade Rennais
83%
Ligue 1 Toulouse FC
79%
Ligue 1 Angers SCO
71%
Ligue 1 Le Havre AC
71%
Premier League Crystal Palace
64%
Premier League Brighton & Hove Albion
62%
Premier League West Ham United
62%
Premier League Southampton FC
60%
La Liga UD Las Palmas
60%
Premier League Fulham FC
57%
La Liga Girona
57%
La Liga RCD Majorque
57%
Serie A 1907 Cômo
55%
La Liga Getafe FC
55%
La Liga Rayo Vallecano
55%
La Liga RCD Espanyol Barcelone
55%
Serie A Venezia
55%
Serie A 1896 Udinese Calcio
50%
Premier League Brentford
50%
Bundesliga RB Leipzig
50%
La Liga Real Valladolid
45%
Serie A Us Lecce 1908
45%
Premier League AFC Bournemouth
43%
Serie A Atalanta Bergame
43%
La Liga CA Osasuna
43%
La Liga Deportivo Leganes
43%
Serie A Parme Calcio
43%
La Liga Villarreal CF
43%
La Liga Celta de Vigo
40%
La Liga Deportivo Alaves
40%
Bundesliga FC Union Berlin
38%
Bundesliga Mainz 05
36%
Bundesliga TSG 1889 Hoffenheim
33%
Serie A Empoli FC
31%
Bundesliga FC Augsburg
29%
Bundesliga SC Freiburg
26%
Bundesliga Heidenheim 1846
24%
Bundesliga FC St. Pauli
21%
Bundesliga VFL Bochum
21%
Serie A AC Monza
19%
Aucun quiz correspondant
Distribution des résultats
% des personnes avec chaque résultat
Percentile par nombre de réponses
Votre historique - résultats
Vous n’avez pas pris ce quiz